| 000 -LEADER |
| fixed length control field |
nam a22 a 4500 |
| 003 - CONTROL NUMBER IDENTIFIER |
| control field |
AKMAL |
| 005 - DATE AND TIME OF LATEST TRANSACTION |
| control field |
20170504093441.0 |
| 008 - FIXED-LENGTH DATA ELEMENTS--GENERAL INFORMATION |
| fixed length control field |
170504s2000 my e 00 0 may d |
| 020 ## - INTERNATIONAL STANDARD BOOK NUMBER |
| International Standard Book Number |
9837204249 (kkt.) : |
| Terms of availability |
RM12.50 |
| 039 #9 - LEVEL OF BIBLIOGRAPHIC CONTROL AND CODING DETAIL [OBSOLETE] |
| Level of rules in bibliographic description |
200709131008 |
| Level of effort used to assign nonsubject heading access points |
pmmalaysiana |
| Level of effort used to assign subject headings |
200502141015 |
| Level of effort used to assign classification |
normila |
| Level of effort used to assign subject headings |
200501111418 |
| Level of effort used to assign classification |
rosenah |
| Level of effort used to assign subject headings |
200411081523 |
| Level of effort used to assign classification |
rosenah |
| 040 ## - CATALOGING SOURCE |
| Original cataloging agency |
AKMAL |
| Transcribing agency |
AKMAL |
| 041 #0 - LANGUAGE CODE |
| Language code of text/sound track or separate title |
may |
| Language code of original |
eng |
| 049 00 - LOCAL HOLDINGS (OCLC) |
| Holding library |
klpmal |
| 082 04 - DEWEY DECIMAL CLASSIFICATION NUMBER |
| Classification number |
153.42 BON |
| Edition number |
21 |
| 090 00 - LOCALLY ASSIGNED LC-TYPE CALL NUMBER (OCLC); LOCAL CALL NUMBER (RLIN) |
| Classification number (OCLC) (R) ; Classification number, CALL (RLIN) (NR) |
153.42 |
| Local cutter number (OCLC) ; Book number/undivided call number, CALL (RLIN) |
BON |
| 090 20 - LOCALLY ASSIGNED LC-TYPE CALL NUMBER (OCLC); LOCAL CALL NUMBER (RLIN) |
| Classification number (OCLC) (R) ; Classification number, CALL (RLIN) (NR) |
153.42 |
| Local cutter number (OCLC) ; Book number/undivided call number, CALL (RLIN) |
BON |
| 100 10 - MAIN ENTRY--PERSONAL NAME |
| Personal name |
De Bono, Edward, |
| Dates associated with a name |
1933- |
| 9 (RLIN) |
1066 |
| 245 10 - TITLE STATEMENT |
| Title |
Belajar berfikir : |
| Remainder of title |
idea didasarkan kepada pemahaman tentang minda manusia / |
| Statement of responsibility, etc. |
Edward de Bono |
| 260 #0 - PUBLICATION, DISTRIBUTION, ETC. |
| Place of publication, distribution, etc. |
Kuala Lumpur : |
| Name of publisher, distributor, etc. |
Golden Books Centre, |
| Date of publication, distribution, etc. |
2000 |
| 300 00 - PHYSICAL DESCRIPTION |
| Extent |
vii, 253ms. : |
| Other physical details |
il. ; |
| Dimensions |
23cm |
| 500 00 - GENERAL NOTE |
| General note |
Terjemahan dari: Teaching thinking |
| 650 #0 - SUBJECT ADDED ENTRY--TOPICAL TERM |
| Topical term or geographic name entry element |
Thought and thinking |
| 9 (RLIN) |
913 |
| 650 #0 - SUBJECT ADDED ENTRY--TOPICAL TERM |
| Topical term or geographic name entry element |
Creative thinking |
| 9 (RLIN) |
1035 |
| 650 #0 - SUBJECT ADDED ENTRY--TOPICAL TERM |
| Topical term or geographic name entry element |
Lateral thinking |
| 9 (RLIN) |
1073 |
| 942 ## - ADDED ENTRY ELEMENTS (KOHA) |
| Source of classification or shelving scheme |
|
| Koha item type |
Book |